00770 2200253 4500001002100000005001500021035002000036007000300056008004100059020002200100082001000122084001600132100002800148245012600176250001000302260004700312300003200359650002900391700002900420700001400449504003100463990001100494990001100505INLIS00000000000266720190103102826 a0010-0119000019ta190103 g 0 ind  a978-602-0808-15-4 a646.4 a646.4 PRI p0 aPRIMA, Olimpiade Kristi1 aPanduan Lengkap Membuat Pola dan Menjahit Busana /cPrima Olimpiade Kristi, Nurhastuti Putri Utami; penyunting, Tristanti acet.1 aJogjakarta :bTrans Idea Publishing,c2016 a206 hlm. :bilus. ;c26 cm. aKETERAMPILAN TATA BUSANA0 aNURHASTUTI, Pustri Utami0 aTRISTANTI aBibliografi : hlm. 204-206 a5402 a a5402 b